|
|
|
|
| LEADER |
00000nam0a2200000 4500 |
| 001 |
365928 |
| 005 |
20231102011831.0 |
| 020 |
|
|
|a RU
|b 80-22942
|
| 035 |
|
|
|a (RuTPU)RU\TPU\retro\23291
|
| 090 |
|
|
|a 365928
|
| 100 |
|
|
|a 20220126d1980 m y0rusy5003 ca
|
| 101 |
0 |
|
|a rus
|
| 102 |
|
|
|a RU
|
| 105 |
|
|
|a a z 001zy
|
| 200 |
1 |
|
|a Советское декоративное искусство. Фарфор. Фаянс. Стекло. Материалы и документы, 1917-1932
|f Академия художеств СССР, Научно-исследовательский институт теории и истории изобразительных искусств ; Центральный государственный архив народного хозяйства СССР ; авт.-сост.: И. А. Пронина ; М. В. Владимирцева ; Л. В. Казакова ; И. М. Суслов
|
| 210 |
|
|
|a Москва
|c Искусство
|d 1980
|
| 215 |
|
|
|a 339 с.
|c ил.
|
| 320 |
|
|
|9 572
|a Краткий словарь терминов: с. 311-314
|
| 320 |
|
|
|9 572
|a Список использованных источников: с. 315-316
|
| 320 |
|
|
|9 572
|a Библиогр.: с. 317-323
|
| 320 |
|
|
|9 572
|a Указ.: с. 332-339
|
| 606 |
1 |
|
|a Декоративно-прикладное искусство
|2 stltpush
|3 (RuTPU)RU\TPU\subj\9017
|9 36311
|
| 606 |
1 |
|
|a Керамика художественная
|2 stltpush
|3 (RuTPU)RU\TPU\subj\14282
|9 40722
|
| 610 |
1 |
|
|a декоративное искусство
|
| 610 |
1 |
|
|a фарфор
|
| 610 |
1 |
|
|a фарфоровые изделия
|
| 610 |
1 |
|
|a фаянс
|
| 610 |
1 |
|
|a фаянсовые изделия
|
| 610 |
1 |
|
|a стекло
|
| 610 |
1 |
|
|a 20 век
|
| 610 |
1 |
|
|a советское искусство
|
| 610 |
1 |
|
|a история
|
| 610 |
1 |
|
|a посуда
|
| 610 |
1 |
|
|a статуэтки
|
| 610 |
1 |
|
|a фарфоро-фаянсовая промышленность
|
| 610 |
1 |
|
|a стекольная промышленность
|
| 675 |
|
|
|a 745
|v 3
|
| 675 |
|
|
|a 738
|v 3
|
| 702 |
|
1 |
|a Пронина
|b И. А.
|4 220
|4 070
|
| 702 |
|
1 |
|a Владимирцева
|b М. В.
|4 220
|4 070
|
| 702 |
|
1 |
|a Казакова
|b Л. В.
|4 220
|4 070
|
| 702 |
|
1 |
|a Суслов
|b И. М.
|4 220
|4 070
|
| 712 |
0 |
2 |
|a Академия художеств СССР
|b Научно-исследовательский институт теории и истории изобразительных искусств
|c (Москва)
|2 stltpush
|3 (RuTPU)RU\TPU\col\11798
|9 25253
|
| 712 |
0 |
2 |
|a Центральный государственный архив народного хозяйства СССР
|2 stltpush
|3 (RuTPU)RU\TPU\col\11072
|9 24966
|
| 801 |
|
0 |
|a RU
|b RuMRKP
|c 19950704
|g psbo
|
| 801 |
|
1 |
|a RU
|b 63413507
|c 20220126
|
| 801 |
|
2 |
|a RU
|b 63413507
|c 20230306
|g RCR
|
| 942 |
|
|
|c BK
|